| 000 | 01174nam0a22003011 4500 | ||
|---|---|---|---|
| 001 | rc\2180983 | ||
| 005 | 20110826162015.4 | ||
| 035 | _a(NLR Aleph) 006537970 | ||
| 090 |
_a6605500 _c6605500 |
||
| 100 | _a20110826d1978 |||y0rusy50 ca | ||
| 101 | 0 | _arus | |
| 102 | _aRU | ||
| 105 | _ay z ||||| | ||
| 200 | 1 |
_aИсследования по монгольской филологии _e[Сб. статей] _fКалм. НИИ яз., лит. и истории при Совете Министров Калм. АССР _g[Отв. ред. П.Ц. Биткеев] |
|
| 210 |
_aМосква _cНаука _d1978 |
||
| 215 |
_a152 с. _d21 |
||
| 320 | _aБиблиогр.: с. 88-96 | ||
| 606 |
_aМонгольские языки _jСборники _2psbo |
||
| 686 |
_aШ064я43 _2rubbk |
||
| 702 | 1 |
_aБиткеев _bП. Ц. _gПетр Цеденович _4340 |
|
| 712 | 0 | 2 |
_aКалмыцкий НИИ языка, литературы и истории _cЭлиста _3RU\NLR\AUTH\889928435 |
| 801 | 0 |
_aRU _bNLR _gpsbo |
|
| 801 | 1 |
_aRU _bELAR _2rusmarc |
|
| 852 |
_aNLR _j78-5/5417 |
||
| 899 |
_aRuMoRGB _jБ 78-6/425 |
||
| 899 |
_aRuMoRGB _jБ 78-6/426 |
||
| 942 | _cBOOK | ||
| 980 | _aNB | ||